00471 a2200169 450000100060000002000180000604000220002410000310004624000280007724500230010530000080012836200090013665000240014594200070016995201080017699900170028458782 a9788576753704 cAnchieta - Pituba aReis, Anderson Roberti dos10aHistória 9º anolpor10aHistória 9º ano a2880 a2008 4aHistória do mundo cBK 00104070a91.1b91.1d2023-11-21l0o909 N434h NEM HISp9573/PITr2023-11-21 18:26:40w2023-11-21yBK c58782d58782